000 00201 a2200097 4500
020 _a30000325
041 _aspa
100 _aBlade, Adam
245 _aBusca fieras sepron la serpiente marina
942 _cBK
999 _c7690
_d7690